000 00597nam a22002537a 4500
001 22407
003 UA-OsUOA
005 20220203215921.0
007 ta
008 20031219b un ||||| |||| 00| 0 ukr d
020 _a5893210433
040 _aUA-OsUOA
_brus
_cUA-OsUOA
_dUA-OsUOA
041 _arus
044 _aRU
080 _a14(091)
090 _a14(091)
_bМ57
100 _aМид Дж. Р. С.
245 _aТрижды величайший Гермес
260 _aМосква
_bАлетейа
_c2000
300 _a288 с.
650 7 _2UDC
942 _cBK
_2udc
955 _a0
999 _c308626
_d308626